| 000 | 00361 a2200157 4500 | ||
|---|---|---|---|
| 001 | 56454 | ||
| 020 | _a8516036189 | ||
| 040 | _cAnchieta - Pituba | ||
| 100 | _aAbramovich, Fanny | ||
| 240 | 1 | 0 |
_aBateu bobeira e outros babados _lpor |
| 245 | 1 | 0 | _aBateu bobeira e outros babados |
| 300 | _a94 | ||
| 362 | 0 | _a2003 | |
| 650 | 4 | _aLiteratura juvenil | |
| 942 | _cBK | ||
| 999 |
_c56454 _d56454 |
||